| 000 | 00470nam a22001817a 4500 | ||
|---|---|---|---|
| 003 | NUST - PNEC | ||
| 005 | 20170116181131.0 | ||
| 008 | 151006b xxu||||| |||| 00| 0 eng d | ||
| 020 | _a9780070656123 | ||
| 020 | _a0070656126 | ||
| 040 | _cLIBRARY | ||
| 082 | _a658.3 ASW | ||
| 100 |
_913972 _aAswathappa,K. |
||
| 245 |
_aInternational human resource management _cK Aswathappa |
||
| 260 | _cc.2008 | ||
| 650 |
_913978 _aResource management _xMIS |
||
| 942 |
_2ddc _cBK |
||
| 999 |
_c69975 _d69975 |
||